000 00234 a2200097 4500
001 12662
100 _aRiaz Ahmad syed
245 _aForeign office: Year Book 2004-05
260 _a
_bMinistry of Foreign Affair
_c
090 _c9659
_d9659
942 _aNUST-CAE
_c
_c36554
999 _c247735
_d247735